Les matières au Lycée - Statistiques

Statistiques générales
  • Ce quiz a été pris 1 330 fois
    1 317 depuis la dernière actualisation
  • Le résultat moyen est 10 sur 12
Statistiques - réponses
Matières % Correct
Français
98%
Anglais
96%
Mathématiques
96%
Espagnol
93%
Physique-Chimie
93%
SVT
91%
Sport
88%
Histoire-Géo
86%
Allemand
84%
Sciences Economiques et Sociales
68%
Philosophie
64%
Education civique et morale
14%
Aucun quiz correspondant
Distribution des résultats
% des personnes avec chaque résultat
Percentile par nombre de réponses
Votre historique - résultats
Vous n’avez pas pris ce quiz depuis la dernière actualisation